00621nam a2200193Ia 4500008004100000020001800041082001200059100002500071245004000096250000800136260004200144300002300186500001900209600002000228650002000248942000700268952013500275999001700410240925s9999 xx 000 0 und d a9789332579439 a339 MIS aMishkin, Frederic S. 0aMacroeconomics: policy and practice a2nd aNew Delhi:bPearson Educationc,2017. a248p.b0fOriginal aIncludes Index aSocial Sciences aSocial Sciences cBK 001040708SSaUITUbUITUd2019-01-11eBook World Internationalg1268.80l0o339 MISpQ13439r2024-09-25 07:16:51w2024-09-25yBK c15938d15938